000 00621nam a2200193Ia 4500
003 GCL
008 140319s9999 xx 000 0 ara d
040 _aGCL /
_cGCL
082 0 4 _a953
_bم م
100 1 _aمحمد فتحى عثمان
245 1 0 _aالمدخل الى الطريق الاسلامى /
_cمحمد فتحى عثمان
260 _a[S.N] :
_bدار النفائس للطباعة والنشر ،
_c1988
300 _a760 ص
490 _a
650 0 4 _aالتاريخ الاسلامى
650 0 4 _aالتاريخ الاجتماعى
650 0 4 _aالحضارة الاسلامية
942 _2ddc
_cBK
999 _c54580
_d54580